Marketingový mix v spoločnosti Smurfit Kappa Obaly Štúrovo, a.s diplomová práca

Gespeichert in:
Bibliographische Detailangaben
1. Verfasser: Šobáňová, Michaela
Körperschaft: Obchodná fakulta EU. Katedra marketingu
Weitere Verfasser: Richterová, Kornélia
Format: Buch
Sprache:Slowakisch
Veröffentlicht: Bratislava 2013
Tags: Tag hinzufügen
Keine Tags, Fügen Sie das erste Tag hinzu!

MARC

LEADER 00000nbm a2200000 4500
001 0169593
005 20161109102314.0
041 0 |a slo 
044 |a SK 
245 1 0 |a Marketingový mix v spoločnosti Smurfit Kappa Obaly Štúrovo, a.s  |b diplomová práca  |c Michaela Šobáňová ; školiteľ: Kornélia Richterová 
264 1 |a Bratislava  |c 2013 
300 |a 77 s. 
100 1 |a Šobáňová, Michaela 
700 1 |a Richterová, Kornélia 
710 2 |a Obchodná fakulta EU. Katedra marketingu